[Cómo hablan los jóvenes de hoy. El habla de los jóvenes mexicanos en Veracruz]
Salvato in:
| Autore principale: | |
|---|---|
| Natura: | Capitolo di libro |
| Lingua: | spagnolo |
| Tags: |
Nessun Tag, puoi essere il primo ad aggiungerne!!
|
MARC
| LEADER | 00000naa a2200000 4500 | ||
|---|---|---|---|
| 001 | 0160587 | ||
| 005 | 20240502072802.8 | ||
| 041 | 0 | |a spa | |
| 044 | |a SK | ||
| 245 | 1 | 0 | |a [Cómo hablan los jóvenes de hoy. El habla de los jóvenes mexicanos en Veracruz] |c Mónica Sánchez Presa |
| 100 | 1 | |a Sánchez Presa, Mónica | |